000 01509nam a2200469 c 4500
001 58990
003 DO-SdBNP
005 20171109100150.0
007 58990
008 150623s2011 sp | |||| 000 0 spa
015 _a
017 _a
_b
020 _a9788466323833
035 _a
040 _aBPMSU
_bspa
_cBPMSU
_e
041 1 _h
080 _a
080 _a
082 4 _a330.973
_bS855ca
100 1 _aStiglitz, Joseph E.
_d1943-
_4
240 1 0 _aFreefall, America, free markets and sinking of the world economy
_lEspañol
245 1 0 _aCaída libre :
_bel libre mercado y el hundimiento de la economía mundial /
_cJoseph E. Stiglitz ; traducción de Alejandro Pradera y Núria Petit
250 _a
260 0 _aMadrid :
_bSantillana Ediciones Generales,
_c2011
300 _a600 p. ;
_c21cm
336 _a
_2
337 _a
_2
490 1 _aPunto de lectura
_aEnsayo,
_v140/2
504 _a
586 _aPremio nobel de economía
650 4 _aCRISIS FINANCIERA
_zESTADOS UNIDOS
_y2008-2009
650 4 _aFINANZAS
_xPOLÍTICA GUBERNAMENTAL
_zESTADOS UNIDOS
651 4 _aESTADOS UNIDOS
_xPOLÍTICA ECONÓMICA
_y1993-2009
700 1 2 _aPradera, Alejandro,
_etraductor
700 1 2 _aPetit Fontsere, Nuria,
_etraductor
830 0 _aPunto de lectura
_pEnsayo,
_v140/2
901 _a
910 _aValidado. Control de calidad MFF
942 _2ddc
_cBK
945 _aInventariado, 2017/MFF
956 _aVMATEO
_b10
_c20160831
_dBPMSU
_f0069
999 _c11244
_d11244